Survivor 4th Place Quiz Stats

Quiz not verified by Sporcle

Challenge
Share
Tweet
Embed
Score 0/36 Timer 07:00
0 Plays Today
Season Survivor % Correct
Heroes vs Healers vs Hustlers Devon
100%
Ghost Island Angela
100%
BorneoSue
97.7%
PanamaCirie
96.2%
Cook IslandsSundra
95.4%
MicronesiaNatalie
95.4%
Heroes vs VillainsJerri
95.4%
CagayanSpencer
95.4%
VanuatuEliza
94.6%
Blood vs WaterTina
94.6%
AfricaTom
93.8%
All-StarsRupert
93.8%
ChinaDenise
93.8%
TocantinsTaj
93.8%
South PacificOzzy
93.8%
PhilippinesMalcolm
93.8%
Worlds ApartRodney
93.6%
Millennials vs Genx David
93.5%
Season Survivor % Correct
FijiYau-Man
93.1%
San Juan del SurKeith
93.1%
CambodiaKelley
93.1%
Kaoh RongCydney
92.5%
Pearl IslandsDarrah
92.3%
Australian OutbackElisabeth
91.5%
GabonMatty
91.5%
SamoaBrett
91.5%
NicaraguaHolly
91.5%
Game Changers Tai
91.3%
CaramoanEddie
90.8%
One WorldChristina
89.2%
Redemption IslandAshley
88.5%
PalauJenn
87.7%
MarquesasPaschal
86.9%
ThailandHelen
85.4%
The AmazonButch
85.4%
GuatemalaLydia
82.3%

You're not logged in!

Compare scores with friends on all Sporcle quizzes.
Join for Free
OR
Log In

You Might Also Like...

Show Comments

Extras

Created May 18, 2015ReportNominate
Tags:4th, place, survivor

Top Quizzes Today


Score Distribution

Your Account Isn't Verified!

In order to create a playlist on Sporcle, you need to verify the email address you used during registration. Go to your Sporcle Settings to finish the process.

Report this User

Report this user for behavior that violates our Community Guidelines.

Details: